Detalles MARC
| 000 -ENCABEZADO |
| Número de control [NR] |
02710nam a2200301Ia 4500 |
| 005 - FECHA Y HORA DE LA ÚLTIMA TRANSACCIÓN |
| control field |
20220405152444.0 |
| 008 - DE LONGITUD FIJA DE DATOS DE ELEMENTOS - INFORMACIÓN GENERAL |
| Elementos de longitud fija [NR] |
130821s1853 sp fr 1 spa |
| 040 ## - FUENTE DE CATALOGACION [NR] |
| Agencia de catalogación original [NR] |
SpMaBN |
| Idioma de catalogación [NR] |
spa |
| Quien Cataloga |
Sandra Yazo (modificó) |
| Quien Clasifica |
Sandra Yazo (modificó) |
| 041 0# - CODIGO DE IDIOMA [R] |
| Código de idioma para texto/pista de sonido o título separado [R] |
Español |
| 082 04 - NUMERO DE CLASIFICACION DECIMAL DEWEY [R] |
| Número de clasificación [R] |
340.5 |
| Número de la edición [NR] |
20 |
| 092 ## - SIGNATURA TOPOGRAFICA LOCAL |
| Número de clasificación local |
E11N050 |
| 100 1# - ASIENTO PRINCIPAL--NOMBRE PERSONAL [NR] |
| Nombre personal [NR] |
Hevia Bolaños, Juan de |
| ID Autoridad |
86491 |
| 245 10 - MENCION DE TITULO [NR] |
| Título [NR] |
Curia filípica. |
| Parte restante del título [NR] |
Primero y segundo tomo. |
| Mención de responsabilidad, etc. [NR] |
Juan de Hevia Bolaños |
| 260 ## - PUBLICACION, DISTRIBUCION, ETC. (PIE DE IMPRENTA) [R] |
| Lugar de publicación, distribución, etc. [R] |
Gerona (España) |
| Nombre del editor, distribuidor, etc. [R] |
Librería de D. N. Grases |
| Fecha de publicación, distribución, etc. [R] |
1853 |
| 300 ## - DESCRIPCION FISICA [R] |
| Extensión [R] |
[4], 627 páginas |
| Dimensiones [R] |
26 x 18 cm |
| 500 ## - NOTA GENERAL [R] |
| Nota general [NR] |
Detalles físicos (1853) Encuadernación rígida en cartón forrado en cuero. Tapas con repujados y lomo con adornos en dorado. Guardas en papel de agua, al verso de la delantera una anotación manuscrita de donación (Julian Restrepo Hernández, 20 de marzo de 1907). Portada impresa en una sola tinta con varios tipos de letra, adorno sencillo (abajo: D. Largacha 18--). Índice inicial. Texto impreso en dos columnas, notas al pie de página. Papel con manchas de oxidación. Deformación de plano. Cortes decorados. Tapas con raspaduras. |
| 500 ## - NOTA GENERAL [R] |
| Nota general [NR] |
Detalles físicos (1753): Sin encuadernación original, actualmente encuadernación rígida (holandesa) en cartón forrado en cartón forrado en papel, lomo en cuero. Conserva las tapas de la encuadernación delantera, guardas. Portada impresa en dos tintas, con un grabado decorativo. Texto impreso en dos columnas con apostillas marginales, papel con deterioro por humedad, perforaciones de insectos, al final manchas de hongos. Ligera variación del título. Curia Philipica. Nueva impresión, Madrid (España) : Imprenta de Música de Don Eugenio Bieco, 1753. Paginación ([8], 512, [74] páginas), dimensiones: 31 x 21 cm. Donado por Neyla Faridy Jiménez Valencia, 6/06/2017. Ejemplar retirado por riesgo biológico el 9 de septiembre de 2019. |
| 505 0# - NOTA DE CONTENIDO CON FORMATO PREESTABLECIDO [R] |
| Nota de contenido con formato preestablecido [NR] |
De los juicios forenses eclesiasticos y seculares dividida en 5 partes: Juicio civil, juicio ejecutivo, del juicio criminal, residencia, segunda instancia. -- Comercio terrestre, naval ; Índice |
| 506 ## - NOTA DE RESTRICCIONES DE ACCESO [R] |
| Condiciones de acceso [NR] |
Consulta en sala |
| 546 ## - NOTA DE IDIOMA [R] |
| Nota de idioma [NR] |
Texto en francés |
| 650 #7 - ASIENTO SECUNDARIO DE MATERIA - TERMINO TEMATICO [R] |
| 9 (RLIN) |
7971 |
| Término temático o nombre geográfico como elemento de entrada [NR] |
Procedimiento penal |
| Subdivisión geográfica [R] |
España |
| Subdivisión cronológica [R] |
Siglo XIX |
| 650 #7 - ASIENTO SECUNDARIO DE MATERIA - TERMINO TEMATICO [R] |
| Término temático o nombre geográfico como elemento de entrada [NR] |
Derecho civil |
| Subdivisión geográfica [R] |
España |
| Subdivisión cronológica [R] |
Siglo XIX |
| 9 (RLIN) |
12711 |
| 650 #7 - ASIENTO SECUNDARIO DE MATERIA - TERMINO TEMATICO [R] |
| Término temático o nombre geográfico como elemento de entrada [NR] |
Derecho comercial |
| Subdivisión geográfica [R] |
España |
| Subdivisión cronológica [R] |
Siglo XIX |
| 9 (RLIN) |
12717 |
| 651 04 - ASIENTO SECUNDARIO DE MATERIA - NOMBRE GEOGRAFICO [R] |
| Nombre geográfico [NR] |
España |
| Subdivisión general [R] |
Legislación |
| 9 (RLIN) |
67794 |
| 690 ## - ASUNTO AGREGADO LOCAL DE ENTRADA - TÉRMINO TEMÁTICO (OCLC, RLIN) |
| Acceso temático local |
Derecho civil |
| 9 (RLIN) |
12711 |
| 856 41 - LOCALIZACION Y ACCESO ELECTRONICOS [R] |
| Nota dirigida al público [R] |
Disponible en línea edición de 1825 |
| Identificador Uniforme del Recurso (“URI”) [R] |
<a href="http://books.google.com/books?id=okk1f39q72oC&printsec=frontcover&dq=CURIA+FILIPICA+PRIMERO+Y+SEGUNDO+TOMO&hl=es&ei=5PIuTsveBY64sAOUsNAI&sa=X&oi=book_result&ct=result&resnum=2&ved=0CC0Q6AEwAQ#v=onepage&q&f=fa">http://books.google.com/books?id=okk1f39q72oC&printsec=frontcover&dq=CURIA+FILIPICA+PRIMERO+Y+SEGUNDO+TOMO&hl=es&ei=5PIuTsveBY64sAOUsNAI&sa=X&oi=book_result&ct=result&resnum=2&ved=0CC0Q6AEwAQ#v=onepage&q&f=fa</a> |
| 942 ## - ELEMENTOS DE ENTRADA AGREGADOS (KOHA) |
| Tipo de ítem principal el descrito en 300a |
Libro |
| Tema principal |
8 |
| Edición |
1 |
| Sistema de clasificación |
LOCAL |
| Clasificación |
E11N050 |